Statistics for Who sang these songs about cars or driving

Click here to take the quiz!

General Stats

  • This quiz has been taken 29 times
  • The average score is 5 of 10

Answer Stats

Hint Answer % Correct
Highway to HellAC/DC
86%
Little Red CorvettePrince
72%
Get Outta My Dreams, Get Into My CarBilly Ocean
52%
Fun Fun FunThe Beach Boys
48%
DriveThe Cars
45%
Driving Home for ChristmasChris Rea
41%
I Drove All Night (the original artist)Roy Orbison
34%
Brand New Cadilac (the British punk band)The Clash
34%
Driving in my CarMadness
31%
CarsGary Numan
24%

Score Distribution

Percentile by Number Answered

Percent of People with Each Score

Your Score History

You have not taken this quiz